The chemical biology of fishes: with a key to the chemical literature
保存先:
| 第一著者: | |
|---|---|
| フォーマット: | 図書 |
| 言語: | 英語 |
| 出版事項: |
Londres
Academic Press
1970
|
| 主題: | |
| タグ: |
タグ追加
タグなし, このレコードへの初めてのタグを付けませんか!
|
MARC
| LEADER | 00000nam a2200000 a 4500 | ||
|---|---|---|---|
| 001 | UCV5069 | ||
| 003 | CL-VaPUC | ||
| 008 | 920603e19700000UK |||||||||||||||||eng|d | ||
| 082 | 0 | 4 | |a 597 |b LOV |2 21 |
| 100 | |a Love, R. Malcolm |e autor |9 299325 | ||
| 245 | 1 | 4 | |a The chemical biology of fishes: with a key to the chemical literature |
| 300 | |a 547 p | ||
| 942 | |c BK | ||
| 945 | |d 19920603 00:00:00 | ||
| 260 | |a Londres |b Academic Press |c 1970 | ||
| 650 | 7 | |a ICTIOLOGIA |2 CL-VaPUC |9 261318 | |
| 650 | 7 | |a PECES |2 CL-VaPUC |9 299326 | |
| 583 | |a last modification |c 19920603 00:00:00 |k Rodrigo Vera | ||
| 999 | |c 211668 |d 211666 | ||
| 952 | |0 0 |1 0 |2 ddc |4 0 |6 597_000000000000000_LOV_1970 |7 0 |8 CCM |9 191508 |a BIBCUR |b BIBCUR |c PAC |d 2019-11-14 |i 2590646 |o 597 LOV 1970 |p 2590646 |r 2025-04-22 |w 2019-11-14 |y BK |k CIM | ||